[Event "4NCL Division 1a"]
[Site "Birmingham, ENG ENG"]
[Date "2016.01.24"]
[Round "4.111"]
[White "Howell, David W L"]
[Black "Turner, Matthew J"]
[Result "1-0"]
[WhiteElo "2685"]
[BlackElo "2493"]
[PlyCount "113"]
[EventDate "2016.01.24"]
[WhiteTeam "Cheddleton 1"]
[BlackTeam "Barbican 4NCL 1"]

1. c4 Nf6 2. Nc3 c6 3. Nf3 d5 4. e3 Bg4 5. d4 e6 6. Qb3 Qb6 7. Nh4 Be7 8. h3
Bh5 9. g4 Bg6 10. Nxg6 hxg6 11. Bg2 dxc4 12. Qxc4 Qa6 13. Qe2 Nd5 14. Bd2 O-O
15. a3 Qxe2+ 16. Kxe2 Nd7 17. Rhc1 N5b6 18. b4 Nc4 19. Be1 Rac8 20. Ne4 Ncb6
21. Nc5 Nxc5 22. bxc5 Nd5 23. Rab1 b6 24. cxb6 axb6 25. a4 Bd8 26. Rc4 c5 27.
dxc5 bxc5 28. a5 Rc6 29. Rd1 Be7 30. Bxd5 exd5 31. Rxd5 Rb8 32. Bc3 Rb5 33. Kd3
Bf6 34. Bd2 Kf8 35. g5 Be7 36. Bc3 f6 37. h4 Kf7 38. Kc2 Ke6 39. e4 Ra6 40. f4
Bd6 41. gxf6 gxf6 42. h5 gxh5 43. Rf5 Be7 44. Rxh5 Rbxa5 45. Bxa5 Rxa5 46. Rd5
Bd6 47. f5+ Kd7 48. Kb3 Kc6 49. Ra4 Rb5+ 50. Kc4 Rb6 51. Rd3 Bc7 52. Rd5 Bd6
53. Rd3 Bc7 54. Rb3 Rxb3 55. Kxb3 Kb5 56. Ra8 c4+ 57. Kc2 1-0

[Event "4NCL Division 1a"]
[Site "Birmingham, ENG ENG"]
[Date "2016.01.24"]
[Round "4.112"]
[White "Collins, Sam E"]
[Black "Hawkins, Jonathan"]
[Result "0-1"]
[WhiteElo "2459"]
[BlackElo "2577"]
[PlyCount "80"]
[EventDate "2016.01.24"]
[WhiteTeam "Barbican 4NCL 1"]
[BlackTeam "Cheddleton 1"]

1. e4 c6 2. d4 d5 3. e5 c5 4. dxc5 Nc6 5. a3 e6 6. Nf3 f6 7. Bb5 Bxc5 8. O-O
Bd7 9. b4 Bb6 10. Bb2 fxe5 11. Nxe5 Nxe5 12. Bxd7+ Qxd7 13. Bxe5 Nh6 14. c4 O-O
15. Nd2 a5 16. Qe2 axb4 17. axb4 Rxa1 18. Bxa1 Nf5 19. Nf3 dxc4 20. Rd1 Qc6 21.
Rc1 Nh4 22. Rxc4 Nxf3+ 23. gxf3 Qxf3 24. Qxf3 Rxf3 25. Bd4 Bxd4 26. Rxd4 b5 27.
Rd6 Kf7 28. Rb6 Rf5 29. h4 Kf6 30. Kg2 Rd5 31. Kg3 h5 32. f3 g5 33. hxg5+ Rxg5+
34. Kh4 Rd5 35. Kg3 Kf5 36. Rb8 h4+ 37. Kxh4 Kf4 38. Rb6 Re5 39. Rc6 Kxf3 40.
Rc3+ Kf4 0-1

[Event "4NCL Division 1a"]
[Site "Birmingham, ENG ENG"]
[Date "2016.01.24"]
[Round "4.113"]
[White "Fodor, Tamas Jr"]
[Black "D'Costa, Lorin A R"]
[Result "1/2-1/2"]
[WhiteElo "2500"]
[BlackElo "2407"]
[PlyCount "66"]
[EventDate "2016.01.24"]
[WhiteTeam "Cheddleton 1"]
[BlackTeam "Barbican 4NCL 1"]

1. d4 Nf6 2. c4 e6 3. Nc3 Bb4 4. Nf3 c5 5. g3 Bxc3+ 6. bxc3 Qa5 7. Qd3 b6 8.
Bg2 Bb7 9. O-O Be4 10. Qd1 Nc6 11. Bg5 h6 12. Bxf6 gxf6 13. d5 Ne7 14. d6 Ng6
15. Qb3 f5 16. Rfe1 Qa6 17. Rad1 Qb7 18. Bf1 h5 19. Ng5 Bc6 20. e4 fxe4 21. Qc2
Ne5 22. Bg2 f5 23. f3 Rg8 24. h4 Nxf3+ 25. Bxf3 exf3 26. Qxf5 O-O-O 27. Qd3
Rdf8 28. Kf2 Rf5 29. Rd2 Kb8 30. Re3 Rgf8 31. Re1 Rg8 32. Rdd1 Rgf8 33. Re3 Qc8
1/2-1/2

[Event "4NCL Division 1a"]
[Site "Birmingham, ENG ENG"]
[Date "2016.01.24"]
[Round "4.114"]
[White "Merry, Alan B"]
[Black "Eggleston, David J"]
[Result "1/2-1/2"]
[WhiteElo "2376"]
[BlackElo "2396"]
[PlyCount "118"]
[EventDate "2016.01.24"]
[WhiteTeam "Barbican 4NCL 1"]
[BlackTeam "Cheddleton 1"]

1. e4 c5 2. c3 Nf6 3. e5 Nd5 4. Nf3 Nc6 5. d4 cxd4 6. cxd4 e6 7. Bc4 d6 8. O-O
Be7 9. Bd2 O-O 10. Nc3 Nxc3 11. Bxc3 Bd7 12. Rc1 Rc8 13. Qe2 Qb6 14. a3 Na5 15.
Bd3 Nb3 16. Rcd1 d5 17. Bb1 a5 18. h4 f5 19. exf6 gxf6 20. Nd2 Nxd2 21. Rxd2
Rf7 22. Rd3 Kh8 23. Qh5 Rg7 24. Rg3 Rcg8 25. Re1 f5 26. Rxg7 Rxg7 27. g3 Bf6
28. Rd1 Kg8 29. Rd3 Rg4 30. Bc2 Qd8 31. Bd1 Qf8 32. Bxg4 Be8 33. Bxa5 Bxh5 34.
Bxh5 Qh6 35. Bd1 Qc1 36. Bc3 Qb1 37. Rd2 f4 38. Kg2 Qg6 39. h5 Qg7 40. g4 Qc7
41. Bf3 Qc4 42. Be2 Qa2 43. Rd1 Be7 44. Re1 Kf7 45. g5 Bxg5 46. Bg4 Bf6 47.
Bxe6+ Kg7 48. Re4 f3+ 49. Kg3 h6 50. Rg4+ Bg5 51. Kxf3 Kf6 52. Bg8 Qb1 53. Kg2
Qf5 54. Kg3 Qd3+ 55. f3 Qf5 56. f4 Qd3+ 57. Kf2 Qf5 58. Kg3 Qd3+ 59. Kf2 Qf5
1/2-1/2

[Event "4NCL Division 1a"]
[Site "Birmingham, ENG ENG"]
[Date "2016.01.24"]
[Round "4.115"]
[White "Hamitevici, Vladimir"]
[Black "Griffiths, Ryan Rhys"]
[Result "1-0"]
[WhiteElo "2469"]
[BlackElo "2358"]
[PlyCount "153"]
[EventDate "2016.01.24"]
[WhiteTeam "Cheddleton 1"]
[BlackTeam "Barbican 4NCL 1"]

1. d4 Nf6 2. c4 e6 3. g3 d5 4. Nf3 Be7 5. Bg2 O-O 6. b3 c6 7. O-O b6 8. Bb2 Bb7
9. Ne5 Nbd7 10. Nd3 Ne4 11. Nd2 Ndf6 12. Rc1 Rc8 13. c5 Ba6 14. Nxe4 dxe4 15.
Nb4 Bb5 16. a4 a5 17. axb5 axb4 18. Qc2 cxb5 19. c6 Rc7 20. Bxe4 Nxe4 21. Qxe4
Qd5 22. Qxd5 exd5 23. Rc2 Rfc8 24. Rfc1 f5 25. Kg2 Kf7 26. h3 Bg5 27. e3 Ke6
28. Kf3 h5 29. g4 hxg4+ 30. hxg4 g6 31. gxf5+ gxf5 32. Ke2 Bf6 33. Kd3 Kd6 34.
Rh1 Rxc6 35. Rxc6+ Rxc6 36. Rc1 Rxc1 37. Bxc1 Ke6 38. f3 Be7 39. Bd2 Bd6 40.
Be1 Be7 41. Bg3 Kd7 42. Ke2 Bg5 43. Kf2 Be7 44. Kg2 Bg5 45. Bf2 Ke6 46. Kh3 Kf7
47. Kh2 Ke7 48. Kg1 Kd7 49. Kf1 Ke6 50. Ke2 Kd7 51. Bg3 Be7 52. Bf4 Bf6 53. Kf1
Bh4 54. Kg2 Be7 55. Kg3 Bd8 56. Bh6 Be7 57. Kf4 Ke6 58. Bg7 Bd6+ 59. Be5 Bf8
60. Kg5 Be7+ 61. Kh5 Bd8 62. Bf4 Kd7 63. Kg6 Ke6 64. Bg5 Bc7 65. f4 Bd6 66. Kg7
Bc7 67. Kf8 Bd6+ 68. Kg8 Bc7 69. Kg7 Bb8 70. Bh4 Bd6 71. Kg8 Bc7 72. Kf8 Bb8
73. Ke8 Bd6 74. Kd8 Bb8 75. Be7 Ba7 76. Bxb4 Bb8 77. Kc8 1-0

[Event "4NCL Division 1a"]
[Site "Birmingham, ENG ENG"]
[Date "2016.01.24"]
[Round "4.116"]
[White "Sanders, Isaac B"]
[Black "Arkell, Keith C"]
[Result "1-0"]
[WhiteElo "2340"]
[BlackElo "2474"]
[PlyCount "65"]
[EventDate "2016.01.24"]
[WhiteTeam "Barbican 4NCL 1"]
[BlackTeam "Cheddleton 1"]

1. e4 c6 2. d3 e5 3. Qe2 Bc5 4. g3 Nf6 5. Bg2 O-O 6. Nf3 Re8 7. O-O d5 8. h3
Nbd7 9. Nbd2 a5 10. a4 b6 11. b3 Ba6 12. Bb2 dxe4 13. Nxe4 Nxe4 14. Qxe4 Rc8
15. Rfe1 f6 16. Qh4 Be7 17. Qg4 g6 18. Nh4 Bf8 19. d4 Bg7 20. dxe5 f5 21. Qf4
Qe7 22. Nf3 Bb7 23. Ng5 Ba6 24. Nf3 Bb7 25. Rad1 h6 26. e6 Nc5 27. Bxg7 Qxg7
28. Qd6 Qf6 29. e7 Qxd6 30. Rxd6 Kh7 31. Nh4 Ne4 32. Bxe4 Rxe7 33. Nxf5 1-0

[Event "4NCL Division 1a"]
[Site "Birmingham, ENG ENG"]
[Date "2016.01.24"]
[Round "4.117"]
[White "Kirk, Ezra"]
[Black "Cox, John J"]
[Result "1/2-1/2"]
[WhiteElo "2304"]
[BlackElo "2351"]
[PlyCount "112"]
[EventDate "2016.01.24"]
[WhiteTeam "Cheddleton 1"]
[BlackTeam "Barbican 4NCL 1"]

1. d4 Nf6 2. c4 e6 3. Nc3 Bb4 4. e3 O-O 5. Bd3 c5 6. Nf3 Nc6 7. O-O Bxc3 8.
bxc3 d6 9. e4 e5 10. d5 Ne7 11. Nh4 h6 12. Qf3 Ng6 13. Nf5 Kh8 14. g3 Nh7 15.
h4 Qf6 16. Qh1 Bxf5 17. exf5 Ne7 18. Qe4 Rae8 19. Rb1 b6 20. f3 Ng8 21. Bd2 Qd8
22. Qe2 Qf6 23. Be4 g6 24. fxg6 fxg6 25. Qd3 Qg7 26. Kg2 Ngf6 27. Rbe1 Re7 28.
Qe3 Nxe4 29. fxe4 g5 30. hxg5 Nxg5 31. Rxf8+ Qxf8 32. Qe2 Rg7 33. Qh5 Kh7 34.
Rf1 Rf7 35. Rxf7+ Nxf7 36. Qf5+ Kg8 37. g4 Qg7 38. Kh3 Qh7 39. Kh4 Qxf5 40.
gxf5 Nd8 41. Bxh6 Nb7 42. Kg3 Na5 43. Bc1 Nxc4 44. Kf3 b5 45. Ke2 Kf7 46. Kd3
Nb6 47. Ke3 a6 48. Kd3 a5 49. Bg5 Ke8 50. Bh4 Na4 51. Bf2 Nb6 52. Bh4 Nd7 53.
Be1 c4+ 54. Ke3 Nc5 55. a3 Kf7 56. Bh4 Ke8 1/2-1/2

[Event "4NCL Division 1a"]
[Site "Birmingham, ENG ENG"]
[Date "2016.01.24"]
[Round "4.118"]
[White "Bhatia, Kanwal K"]
[Black "Steil-Antoni, Fiona"]
[Result "0-1"]
[WhiteElo "2084"]
[BlackElo "2165"]
[PlyCount "108"]
[EventDate "2016.01.24"]
[WhiteTeam "Barbican 4NCL 1"]
[BlackTeam "Cheddleton 1"]

1. e4 c6 2. d4 d5 3. Nd2 g6 4. e5 Bg7 5. f4 Nh6 6. Ngf3 O-O 7. Nb3 b6 8. h3 Nf5
9. Kf2 f6 10. g4 Nh6 11. c3 fxe5 12. fxe5 c5 13. Be2 c4 14. Nbd2 Be6 15. Qg1
Qd7 16. Nf1 Na6 17. Qg3 b5 18. a3 Nc7 19. Ne3 a5 20. Ng2 b4 21. Qh4 Nf7 22.
axb4 axb4 23. Bd2 h6 24. Qg3 Nb5 25. Nf4 Rxa1 26. Rxa1 Ng5 27. Ke1 Ne4 28. Qh2
bxc3 29. bxc3 g5 30. Nxe6 Qxe6 31. Rc1 Ra8 32. h4 Qxg4 33. hxg5 Nxd2 34. Nxd2
Qxg5 35. Qh1 e6 36. Qh3 Ra2 37. Qxe6+ Kh7 38. Rd1 Nxc3 39. Bg4 Qe3+ 40. Kf1
Qf4+ 41. Nf3 Ra8 42. Qf5+ Qxf5 43. Bxf5+ Kh8 44. Re1 Bf8 45. e6 Be7 46. Ne5 Kg7
47. Re3 Nb5 48. Nc6 Bg5 49. Rf3 Ra1+ 50. Ke2 Ra6 51. e7 Bxe7 52. Rg3+ Bg5 53.
Nb4 Nxd4+ 54. Kf2 Rf6 0-1

[Event "4NCL Division 1a"]
[Site "Birmingham, ENG ENG"]
[Date "2016.01.24"]
[Round "4.121"]
[White "Martins, David Pires Tavares"]
[Black "Zhou, Yang-Fan"]
[Result "1/2-1/2"]
[WhiteElo "2408"]
[BlackElo "2458"]
[PlyCount "91"]
[EventDate "2016.01.24"]
[WhiteTeam "Oxford 1"]
[BlackTeam "Guildford 2"]

1. Nf3 g6 2. g3 Bg7 3. Bg2 e5 4. d3 d5 5. O-O Ne7 6. Nbd2 O-O 7. c4 c6 8. Rb1
a5 9. a3 a4 10. b4 axb3 11. Qxb3 Na6 12. cxd5 cxd5 13. Bb2 Nc6 14. Rfc1 Re8 15.
Ne1 Nc7 16. Nc2 Na5 17. Qc3 Ne6 18. Nf3 Nc6 19. Qe1 Ned4 20. Nfxd4 exd4 21. Nb4
Bg4 22. Rc2 Nxb4 23. Qxb4 Bxe2 24. Rd2 Qf6 25. Bxd5 Rad8 26. Qxb7 Re7 27. Qc6
Qg5 28. f4 Qxd5 29. Qxd5 Rxd5 30. Re1 Rb5 31. Rdxe2 Rxe2 32. Rxe2 f5 33. Kf2
Rb3 34. Rd2 Kf7 35. Ke2 Ke6 36. Bc1 Rc3 37. Bb2 Rb3 38. Kd1 Kd5 39. Kc2 Rb8 40.
Re2 Bf6 41. Re1 Ra8 42. Re2 Rb8 43. Re1 Ra8 44. Ra1 Bd8 45. Rb1 Be7 46. Kb3
1/2-1/2

[Event "4NCL Division 1a"]
[Site "Birmingham, ENG ENG"]
[Date "2016.01.24"]
[Round "4.122"]
[White "Fernandez, Daniel Howard"]
[Black "Tan, Justin"]
[Result "1/2-1/2"]
[WhiteElo "2474"]
[BlackElo "2446"]
[PlyCount "125"]
[EventDate "2016.01.24"]
[WhiteTeam "Guildford 2"]
[BlackTeam "Oxford 1"]

1. b3 d5 2. Bb2 c6 3. e3 Nf6 4. h3 g6 5. Nf3 Bg7 6. Be2 O-O 7. O-O a5 8. c4 Na6
9. Nc3 Ne4 10. cxd5 cxd5 11. d4 Nxc3 12. Bxc3 Nc5 13. Bb2 Ne4 14. Nd2 Nd6 15.
Bf3 Be6 16. Qe2 Qb6 17. Ba3 Rfc8 18. Rfc1 Qd8 19. Qf1 Qd7 20. Rxc8+ Rxc8 21.
Rc1 Rxc1 22. Qxc1 b6 23. Bxd6 Qxd6 24. Bg4 Bxg4 25. hxg4 Qd7 26. Nf3 h6 27. g5
hxg5 28. Nxg5 Bf6 29. Nf3 Kg7 30. Qc2 Qd6 31. a4 Qd7 32. Qd3 Qc7 33. Qb5 Qc1+
34. Kh2 Qc7+ 35. Kh3 Qc8+ 36. g4 Qh8+ 37. Kg2 Qc8 38. Nh2 Qe6 39. Qd3 Kg8 40.
f4 Qc8 41. Kf2 Bh4+ 42. Kg2 Bf6 43. g5 Bg7 44. Qd2 Bf8 45. Kg3 Qc6 46. Ng4 Bg7
47. Nf2 Kf8 48. Qd3 Kg8 49. Kf3 Qe6 50. Qb1 Kh7 51. b4 axb4 52. Qxb4 f6 53.
gxf6 Bxf6 54. Qb1 Kg7 55. Ng4 Qc6 56. Kg3 Qxa4 57. Qxb6 Qd1 58. Qb2 Qh1 59. Qh2
Qe1+ 60. Qf2 Qh1 61. Qh2 Qe1+ 62. Qf2 Qh1 63. Qh2 1/2-1/2

[Event "4NCL Division 1a"]
[Site "Birmingham, ENG ENG"]
[Date "2016.01.24"]
[Round "4.123"]
[White "Zakarian, David"]
[Black "Suarez Real, Alberto"]
[Result "1/2-1/2"]
[WhiteElo "2380"]
[BlackElo "2397"]
[PlyCount "66"]
[EventDate "2016.01.24"]
[WhiteTeam "Oxford 1"]
[BlackTeam "Guildford 2"]

1. e4 c5 2. Nf3 Nc6 3. Bb5 Nf6 4. Bxc6 dxc6 5. d3 Bg4 6. h3 Bh5 7. Nbd2 Nd7 8.
Nc4 f6 9. O-O e5 10. c3 Be7 11. Ne3 Rb8 12. Nf5 O-O 13. a4 a5 14. Ng3 Bf7 15.
Nh2 Re8 16. f4 Bf8 17. Nf3 Rc8 18. Kh1 exf4 19. Bxf4 Ne5 20. Nxe5 fxe5 21. Be3
Rc7 22. Qg4 Qxd3 23. Nf5 Bg6 24. Rf3 Rf7 25. Bxc5 Bxf5 26. exf5 Qe2 27. Bxf8
Rexf8 28. f6 e4 29. fxg7 exf3 30. gxf8=Q+ Kxf8 31. Qc8+ Kg7 32. Qg4+ Kf8 33.
Qc8+ Kg7 1/2-1/2

[Event "4NCL Division 1a"]
[Site "Birmingham, ENG ENG"]
[Date "2016.01.24"]
[Round "4.124"]
[White "Milliet, Sophie"]
[Black "Eckersley-Waites, Tom"]
[Result "0-1"]
[WhiteElo "2369"]
[BlackElo "2306"]
[PlyCount "72"]
[EventDate "2016.01.24"]
[WhiteTeam "Guildford 2"]
[BlackTeam "Oxford 1"]

1. e4 c5 2. Nf3 d6 3. d4 cxd4 4. Nxd4 Nf6 5. Nc3 a6 6. Bg5 e6 7. f4 h6 8. Bh4
Qb6 9. Qd2 Qxb2 10. Rb1 Qa3 11. e5 g5 12. exf6 gxh4 13. f5 e5 14. Nf3 Nd7 15.
Nd5 Rb8 16. Rb3 Qa4 17. Rb4 Qxa2 18. Nxh4 b5 19. Ng6 Bb7 20. Nc3 Qa5 21. Nxb5
axb5 22. Nxf8 Kxf8 23. Qxd6+ Kg8 24. c3 Qa1+ 25. Kd2 Kh7 26. Bc4 Qxh1 27. Bxf7
Rhd8 28. Bd5 Qxg2+ 29. Bxg2 Nb6 30. Qxd8 Rxd8+ 31. Ke2 Bxg2 32. Rxb5 Nd5 33.
Kf2 Nf4 34. h4 Rd2+ 35. Ke1 Re2+ 36. Kd1 Be4 0-1

[Event "4NCL Division 1a"]
[Site "Birmingham, ENG ENG"]
[Date "2016.01.24"]
[Round "4.125"]
[White "Harvey, Marcus R"]
[Black "Martin, Andrew D"]
[Result "0-1"]
[WhiteElo "2335"]
[BlackElo "2368"]
[PlyCount "106"]
[EventDate "2016.01.24"]
[WhiteTeam "Oxford 1"]
[BlackTeam "Guildford 2"]

1. e4 d5 2. exd5 Qxd5 3. d4 e5 4. Nc3 Bb4 5. Be3 Nc6 6. a3 Bxc3+ 7. bxc3 Nf6 8.
Nf3 Qa5 9. Bd2 e4 10. Ng1 O-O 11. c4 Qf5 12. Be3 Rd8 13. c3 b6 14. Ne2 Qa5 15.
Qc2 Ba6 16. Nc1 Ne7 17. a4 Nf5 18. Qd2 Nxe3 19. fxe3 Qg5 20. h3 Nh5 21. h4 Qg6
22. Qf2 Ng3 23. h5 Nxh1 24. hxg6 Nxf2 25. gxf7+ Kxf7 26. Kxf2 Rd6 27. Nb3 Rf6+
28. Kg1 Ke7 29. a5 Rxf1+ 30. Rxf1 Bxc4 31. Rb1 Rf8 32. Nd2 Bd3 33. Ra1 g5 34.
c4 h5 35. axb6 axb6 36. c5 bxc5 37. Ra5 Rf5 38. dxc5 h4 39. Ra4 g4 40. g3 h3
41. Nxe4 Rf3 42. Kh2 Rxe3 43. Nc3 Ke6 44. Rxg4 Bf5 45. Rc4 Ke5 46. Nb5 Re2+ 47.
Kh1 Be4+ 48. Rxe4+ Rxe4 49. Nxc7 Kf5 50. Nd5 Rd4 51. Ne7+ Kg4 52. c6 Rd1+ 53.
Kh2 Rc1 0-1

[Event "4NCL Division 1a"]
[Site "Birmingham, ENG ENG"]
[Date "2016.01.24"]
[Round "4.126"]
[White "Wall, Gavin"]
[Black "Foo, Zhi Rong Benjamin"]
[Result "0-1"]
[WhiteElo "2336"]
[BlackElo "2231"]
[PlyCount "124"]
[EventDate "2016.01.24"]
[WhiteTeam "Guildford 2"]
[BlackTeam "Oxford 1"]

1. e4 e5 2. Nf3 Nc6 3. Bc4 Nf6 4. d3 Bc5 5. c3 a6 6. Bb3 O-O 7. O-O d5 8. exd5
Nxd5 9. Nxe5 Bxf2+ 10. Rxf2 Nxe5 11. h3 Be6 12. d4 Ng6 13. c4 Nf6 14. d5 Ne4
15. dxe6 Nxf2 16. Qxd8 Raxd8 17. Kxf2 fxe6+ 18. Ke2 Rf5 19. Be3 Re5 20. g3 Ne7
21. Na3 Nf5 22. Nc2 Nxg3+ 23. Kf3 Nh5 24. c5 Rf8+ 25. Kg2 Nf4+ 26. Bxf4 Rxf4
27. Rd1 Kf7 28. Kg3 Rf6 29. Rd7+ Kg6 30. Rxc7 Rg5+ 31. Kh2 Kh5 32. c6 Rf2+ 33.
Kh1 Rf1+ 34. Kh2 Rf2+ 35. Kh1 Rf3 36. Bxe6 Rf1+ 37. Kh2 Rf2+ 38. Kh1 Rf1+ 39.
Kh2 Rf2+ 40. Kh1 Rxc2 41. cxb7 Rxb2 42. Bb3 Rb1+ 43. Kh2 Rb2+ 44. Kh1 Rb5 45.
Rxg7 Kh6 46. Rd7 a5 47. Kg1 a4 48. Bxa4 Rxb7 49. Rd6+ Kg5 50. Bc6 R7b6 51. a4
Kf4 52. Rf6+ Ke5 53. Rh6 Rc2 54. Rh5+ Kf4 55. Bb5 h6 56. Rd5 Rg6+ 57. Kf1 Rg3
58. Rd4+ Ke5 59. Rh4 Ra3 60. Rh5+ Kf4 61. Be2 Raa2 62. Rh4+ Ke5 0-1

[Event "4NCL Division 1a"]
[Site "Birmingham, ENG ENG"]
[Date "2016.01.24"]
[Round "4.127"]
[White "Aguiar, Henrique Rui Neves"]
[Black "Wadsworth, Matthew J"]
[Result "0-1"]
[WhiteElo "2201"]
[BlackElo "2252"]
[PlyCount "114"]
[EventDate "2016.01.24"]
[WhiteTeam "Oxford 1"]
[BlackTeam "Guildford 2"]

1. e4 c5 2. Nf3 e6 3. d3 Nc6 4. g3 Qc7 5. Bg2 Nf6 6. O-O Be7 7. Re1 d6 8. c3
O-O 9. a3 Ne5 10. d4 Nxf3+ 11. Bxf3 e5 12. Nd2 Rd8 13. d5 Ne8 14. Bg4 Bg5 15.
h4 Bxd2 16. Bxd2 Nf6 17. Bxc8 Rdxc8 18. Qf3 Qd7 19. Bg5 Ne8 20. Kg2 c4 21. Rh1
Rc7 22. h5 f6 23. Be3 Qb5 24. Rab1 Rf7 25. Qf5 Qd7 26. g4 b6 27. Rh3 Rc8 28. a4
Qxf5 29. gxf5 h6 30. Rg3 Kf8 31. f4 exf4 32. Bxf4 Rc5 33. Ra1 Ra5 34. Ra3 Rb7
35. Kf3 b5 36. axb5 Rxa3 37. bxa3 Rxb5 38. Ke3 Rb3 39. Kd4 Rxa3 40. Kxc4 Ra4+
41. Kd3 Ra1 42. Rg2 a5 43. c4 a4 44. Bd2 Ra3+ 45. Kd4 Ra2 46. Kc3 Nc7 47. c5
dxc5 48. d6 Nb5+ 49. Kc4 Nxd6+ 50. Kd5 Nf7 51. Rf2 Ng5 52. Be3 Rxf2 53. Bxc5+
Kf7 54. Bxf2 a3 55. Bd4 a2 56. e5 fxe5 57. Bxe5 Nf3 0-1

[Event "4NCL Division 1a"]
[Site "Birmingham, ENG ENG"]
[Date "2016.01.24"]
[Round "4.128"]
[White "Kalaiyalahan, Akshaya"]
[Black "Varney, Zoe"]
[Result "1-0"]
[WhiteElo "2187"]
[BlackElo "1982"]
[PlyCount "63"]
[EventDate "2016.01.24"]
[WhiteTeam "Guildford 2"]
[BlackTeam "Oxford 1"]

1. d4 d5 2. c4 c6 3. Nf3 Nf6 4. g3 e6 5. Bg2 Nbd7 6. O-O Bd6 7. Nc3 O-O 8. Nd2
Bc7 9. e4 dxe4 10. Ndxe4 Nxe4 11. Nxe4 e5 12. d5 cxd5 13. cxd5 Nb6 14. d6 Bb8
15. Bg5 f6 16. Be3 Rf7 17. Qb3 Kf8 18. Rac1 h6 19. Qa3 Bd7 20. Rfd1 Kg8 21. Qb3
Ba4 22. Bxb6 axb6 23. Qe6 Bxd1 24. Rc8 Ba7 25. Rxd8+ Rxd8 26. d7 Bb8 27. Nxf6+
gxf6 28. Bd5 Rdxd7 29. Qxd7 Bh5 30. Bxf7+ Bxf7 31. Qd8+ Kg7 32. Qxb8 1-0

[Event "4NCL Division 1a"]
[Site "Birmingham, ENG ENG"]
[Date "2016.01.24"]
[Round "4.131"]
[White "Carleton, John J"]
[Black "Speelman, Jon S"]
[Result "0-1"]
[WhiteElo "2298"]
[BlackElo "2517"]
[PlyCount "126"]
[EventDate "2016.01.24"]
[WhiteTeam "Spirit of Atticus A"]
[BlackTeam "Wood Green HK"]

1. d4 d6 2. e4 g6 3. c4 Bg7 4. Nc3 Nd7 5. f4 e5 6. Nf3 c6 7. fxe5 dxe5 8. d5
Ngf6 9. dxc6 bxc6 10. Qd6 Bb7 11. Bg5 h6 12. Bh4 Qe7 13. Qxe7+ Kxe7 14. Bd3 Kd6
15. O-O a5 16. a3 Nc5 17. Bc2 a4 18. Rad1+ Ke6 19. Ne1 Nfd7 20. Nd3 f6 21. Nb4
Rhb8 22. Rxd7 Kxd7 23. Bxf6 Bxf6 24. Rxf6 Rg8 25. Nd3 Nxd3 26. Bxd3 Ke7 27. Rf2
Rad8 28. Bf1 Ba6 29. Nxa4 Rd1 30. b3 Rgd8 31. Nc3 Rc1 32. Na2 Rb1 33. Nb4 Bb7
34. Rf3 Rf8 35. Rxf8 Kxf8 36. Nd3 Rxb3 37. a4 Ra3 38. Nxe5 Kg7 39. Nd7 Rxa4 40.
Kf2 Ra3 41. Be2 Kf7 42. Nc5 Bc8 43. Nd3 Be6 44. Ne5+ Ke7 45. Nxc6+ Kd6 46. Nd4
Ke5 47. Nxe6 Kxe6 48. Bf3 Ke5 49. Be2 Rc3 50. Ke1 Kxe4 51. Kd2 Kd4 52. Bf1 h5
53. Be2 Ra3 54. h3 Ra2+ 55. Kd1 Rb2 56. Bf3 Kxc4 57. Be4 g5 58. Bf3 Kd3 59. Kc1
Rf2 60. Bxh5 Rxg2 61. Bg6+ Ke3 62. Bf5 Rh2 63. Kd1 Kf4 0-1

[Event "4NCL Division 1a"]
[Site "Birmingham, ENG ENG"]
[Date "2016.01.24"]
[Round "4.132"]
[White "Shaw, John"]
[Black "Ivell, Nicholas W"]
[Result "1-0"]
[WhiteElo "2440"]
[BlackElo "2248"]
[PlyCount "71"]
[EventDate "2016.01.24"]
[WhiteTeam "Wood Green HK"]
[BlackTeam "Spirit of Atticus A"]

1. e4 c5 2. Nf3 e6 3. b3 Nc6 4. Bb2 a6 5. c4 d6 6. d4 cxd4 7. Nxd4 Bd7 8. Nc3
Nf6 9. Be2 Be7 10. O-O O-O 11. Kh1 Qb6 12. Nc2 Qc7 13. f4 Rad8 14. Bd3 Bc8 15.
Ne3 Nb4 16. Bb1 b6 17. a3 Nc6 18. Bd3 Bb7 19. Rc1 Qb8 20. Ncd5 exd5 21. cxd5
Na7 22. Nf5 Rfe8 23. Rf3 Bc8 24. Nxe7+ Rxe7 25. Bxf6 gxf6 26. Rg3+ Kf8 27. Qh5
Rc7 28. Re1 Ke7 29. e5 dxe5 30. fxe5 Rxd5 31. exf6+ Kd6 32. Qf3 Be6 33. Bc4 Qd8
34. Bxd5 Bxd5 35. Qxd5+ Kxd5 36. Rd3+ 1-0

[Event "4NCL Division 1a"]
[Site "Birmingham, ENG ENG"]
[Date "2016.01.24"]
[Round "4.133"]
[White "Lund, D Brett"]
[Black "Greet, Andrew N"]
[Result "1/2-1/2"]
[WhiteElo "2287"]
[BlackElo "2441"]
[PlyCount "110"]
[EventDate "2016.01.24"]
[WhiteTeam "Spirit of Atticus A"]
[BlackTeam "Wood Green HK"]

1. c4 e5 2. g3 c6 3. Bg2 d5 4. cxd5 cxd5 5. d4 e4 6. Nc3 Nf6 7. Bg5 Nbd7 8. e3
h6 9. Bxf6 Nxf6 10. Qb3 Qb6 11. Qxb6 axb6 12. f3 exf3 13. Bxf3 Be6 14. Nge2 g5
15. a3 Kd7 16. Rc1 Be7 17. Bg2 Rhc8 18. Kd2 Ra5 19. Rhf1 Ne8 20. Nd1 Rc6 21.
Nec3 Nd6 22. h3 f5 23. Rb1 Ne4+ 24. Nxe4 fxe4 25. Nc3 b5 26. Na2 Ra4 27. Rfc1
b4 28. Rxc6 bxc6 29. Nxb4 Bxb4+ 30. axb4 Rxb4 31. b3 Rb8 32. Kc3 Ra8 33. Kb2 h5
34. Rf1 Ke7 35. Rf2 h4 36. g4 Bd7 37. Bf1 Ra7 38. Be2 Ra8 39. Bf1 Be6 40. Be2
Ra7 41. Rf1 Ra8 42. Rf2 Ra5 43. Bf1 Bd7 44. Rc2 Kd6 45. Be2 Ra8 46. Rc1 Be6 47.
b4 Bd7 48. Rf1 Be6 49. Ra1 Rb8 50. Kc3 Bc8 51. Rf1 Ra8 52. Kb2 Kc7 53. Rf7+ Kb6
54. Rf8 Bb7 55. Rxa8 Bxa8 1/2-1/2

[Event "4NCL Division 1a"]
[Site "Birmingham, ENG ENG"]
[Date "2016.01.24"]
[Round "4.134"]
[White "McDonald, Neil"]
[Black "Mitchell, Martin"]
[Result "1-0"]
[WhiteElo "2404"]
[BlackElo "2184"]
[PlyCount "51"]
[EventDate "2016.01.24"]
[WhiteTeam "Wood Green HK"]
[BlackTeam "Spirit of Atticus A"]

1. e4 d6 2. d4 Nf6 3. Nc3 g6 4. Nf3 Bg7 5. Be2 O-O 6. O-O e6 7. h3 Nc6 8. Bg5
h6 9. Be3 b6 10. Qd2 g5 11. Rad1 g4 12. Nh2 gxh3 13. Bxh6 hxg2 14. Kxg2 Ne7 15.
Rh1 Ng6 16. Nf3 Re8 17. Bxg7 Kxg7 18. Qh6+ Kg8 19. Rdg1 Ng4 20. Qh7+ Kf8 21.
Kf1 e5 22. Nh4 Nxh4 23. Qh8+ Ke7 24. Qxh4+ Nf6 25. Nd5+ Ke6 26. Bg4+ 1-0

[Event "4NCL Division 1a"]
[Site "Birmingham, ENG ENG"]
[Date "2016.01.24"]
[Round "4.135"]
[White "Latham, David"]
[Black "Fitzsimons, David"]
[Result "1/2-1/2"]
[WhiteElo "2126"]
[BlackElo "2400"]
[PlyCount "108"]
[EventDate "2016.01.24"]
[WhiteTeam "Spirit of Atticus A"]
[BlackTeam "Wood Green HK"]

1. Nf3 Nf6 2. g3 g6 3. Bg2 Bg7 4. d3 O-O 5. e4 d6 6. O-O c5 7. Re1 Nc6 8. c3 e5
9. Nbd2 h6 10. Nc4 Be6 11. Ne3 Qd7 12. c4 Kh7 13. Bd2 Rab8 14. Nd5 b5 15. b3
Ng8 16. a4 b4 17. Ra2 f5 18. Nh4 Qf7 19. exf5 gxf5 20. f4 Nd4 21. Be3 Nf6 22.
Bxd4 cxd4 23. Rf2 Ng4 24. Rfe2 Qd7 25. h3 Bxd5 26. Bxd5 Ne3 27. Qd2 Bf6 28. Ng2
Nxd5 29. cxd5 Rfe8 30. Rc1 e4 31. Qd1 Qf7 32. Rec2 Re7 33. Rc8 Rxc8 34. Rxc8
Qxd5 35. g4 fxg4 36. hxg4 e3 37. Qe2 Qe6 38. Rb8 a5 39. g5 Bg7 40. Nh4 Re8 41.
f5 Qe5 42. Rxe8 Qxe8 43. gxh6 Bxh6 44. Qg4 Qf7 45. Qg6+ Qxg6+ 46. fxg6+ Kg7 47.
Kf1 Bf4 48. Ke2 Kf6 49. Nf3 Be5 50. Ne1 Kxg6 51. Nc2 Kg5 52. Na1 Kf4 53. Nc2
Kg3 54. Na1 Kg2 1/2-1/2

[Event "4NCL Division 1a"]
[Site "Birmingham, ENG ENG"]
[Date "2016.01.24"]
[Round "4.136"]
[White "Arvola, Benjamin"]
[Black "Robertson, David J"]
[Result "1-0"]
[WhiteElo "2328"]
[BlackElo "2125"]
[PlyCount "65"]
[EventDate "2016.01.24"]
[WhiteTeam "Wood Green HK"]
[BlackTeam "Spirit of Atticus A"]

1. Nf3 Nf6 2. g3 e6 3. Bg2 d5 4. O-O Nbd7 5. c4 c6 6. b3 Bd6 7. Bb2 O-O 8. d3
b6 9. Nc3 Bb7 10. Rc1 c5 11. Nh4 Re8 12. cxd5 Nxd5 13. Nxd5 Bxd5 14. Bxd5 exd5
15. Bxg7 Bf4 16. e3 Kxg7 17. exf4 Nf6 18. d4 Rc8 19. dxc5 bxc5 20. Re1 Rxe1+
21. Qxe1 Qd7 22. Qe3 Ng4 23. Qd3 Nf6 24. Re1 Rc6 25. Re7 Qc8 26. Rxa7 Re6 27.
Nf5+ Kf8 28. Qc3 Qc6 29. Ra5 d4 30. Qxc5+ Qxc5 31. Rxc5 d3 32. Rc8+ Ne8 33. Rd8
1-0